000 01024nam a22003257a 4500
003 CHAP
005 20220329140053.0
008 971013s1970 r 00010 d
010 _a46510
011 _a47482
035 _a51624
040 _cCHAP
082 _a151.2
_bT4Y 1969
100 0 0 _aThorndike, Robert L.
_9112966
245 _aTests y técnicas de medición en psicología y educación
260 _aMéxico, D.F. :
_bTrillas,
_c1970
300 _a733 p.
_b: ilus.
500 _aTrad. de la 3 ed. en inglés de 1969
590 _aBATCH-UPD
_b10
_c20130110
_lUCH01
_h1857
590 _aBATCH-UPD
_b10
_c20130410
_lUCH01
_h1226
590 _aBATCH-UPD
_b10
_c20130914
_lUCH01
_h1559
590 _aCONVERSION
_b10
_c20130109
_lUCH01
_h1325
650 1 4 _aPsicometría.
_992623
650 1 4 _aRendimiento escolar.
_995908
650 1 4 _aTest psicológicos.
_9112474
700 0 _aHagen, Elizabeth.
_952221
901 _aBK
942 _cLIBRO
949 _a151.2 T4Y 1969
_bBC
_cLIBRO
_d-115372
_eLIBRO
_h52896
_i51624
_mD
_si
999 _c46510
_d46510